000 00368nam a22001457a 4500
020 _qPB.
040 _cFIZZA ISHAQ
082 _a006.66
_bDAV
100 _aSELLERS,GRAHAM SHREINER DAVA.
_989477
245 _aOPEN GL PROGRAMMING GUIDE /
_cDAVE SHREINER GRAHAM SELLERS.
250 _a9th ED.
260 _aNEW YORK ;
_c2017.
300 _a929 P. ;
942 _2ddc
_cBK
999 _c588204
_d588204